Countries Dolph Lundgren has Visited - Statistics

General Stats
  • This quiz has been taken 7 times
  • The average score is 16 of 19
Answer Stats
Continent Country % Correct
Oceania Australia
100%
North America Canada
100%
Europe Germany
100%
North America Mexico
100%
Europe Norway
100%
Europe Sweden
100%
Europe United Kingdom
100%
North America United States of America
100%
Europe Belgium
86%
Asia China
86%
Europe France
86%
Europe Greece
86%
Europe Italy
86%
Europe Portugal
86%
Asia Thailand
86%
Asia Israel
71%
Africa Namibia
71%
Europe Bulgaria
57%
Asia Georgia
43%
No matching quizzes found
Score Distribution
Percent of People with Each Score
Percentile by Number Answered
Your Score History
You have not taken this quiz